| 000 | 00691nam a2200193 i 4500 | ||
|---|---|---|---|
| 001 | 25251 | ||
| 003 | ES-MaACL | ||
| 005 | 20250628063304.0 | ||
| 007 | t| | ||
| 008 | 021223s1850 sp ||||1| spa d | ||
| 100 | 1 |
_aArlincourt, Charles-Victor Prévost d', _d1789-1856 _922897 |
|
| 245 | 1 | 0 |
_aPlaza al derecho _b: continuación al Dios lo quiere / _cCharles-Victor Prévôst d'Arlincourt ; traducido de la 12ª francesa por Diego Bravo y Destonet. |
| 260 |
_aMadrid : _b[s.n., _c1850] ( _fImp. R. R. de Rivera) |
||
| 300 |
_a104 p. ; _c17 cm. |
||
| 700 | 1 |
_aBravo y Destonet, Diego. _931511 |
|
| 740 | 0 | _aDios lo quiere. | |
| 852 |
_aES-MaACL _jC-3583 |
||
| 999 |
_c25251 _d25251 |
||